00331nam a2200121Ia 4500008004100000041000800041082001200049100001600061245005900077260003700136300001900173999001700192241015s9999 xx 000 0 und d aeng a332 SCO aDaisy Scott aFinance: Markets, Investments And Financial Management bStates Academic PressaUSAc2022 a239;. P. 27 cm c41709d41709